| 000 | 00457cam a2200181ua 4500 | ||
|---|---|---|---|
| 020 | _cRs 5.00 | ||
| 041 |
_ahin _h |
||
| 082 |
_a891.54 _bKAN/SE |
||
| 100 | _aKanhaiyalal Maniklal, Munshi . | ||
| 245 |
_aSeedhi chadan / _cKanhaiyalal Maniklal Munshi. _hTextual Documents |
||
| 250 |
_a2 / _b. |
||
| 260 |
_aDelhi : _bRajkamal Prakash , _c1961. |
||
| 300 | _a331 ; . | ||
| 365 | _aRs 5.00 | ||
| 504 | _a | ||
| 942 | _cBK | ||
| 999 |
_c3464 _d3464 |
||